Central Library OPAC University of Rajshahi

Political and social thought in the contemporary Middle East / (Record no. 36077)

MARC details
000 -LEADER
fixed length control field 00931nam a22002891 4500
001 - CONTROL NUMBER
control field 36077
003 - CONTROL NUMBER IDENTIFIER
rucl marc code BD-RjUL
005 - DATE AND TIME OF LATEST TRANSACTION
control field 20211209052429.0
008 - FIXED-LENGTH DATA ELEMENTS--GENERAL INFORMATION
fixed length control field 140616s1968 nyu b 000 0 eng d
035 ## - SYSTEM CONTROL NUMBER
System control number (BD-RjUL)36174
040 ## - CATALOGING SOURCE
Original cataloging agency DLC
Transcribing agency DLC
Modifying agency DLC
-- BD-RjUL
Language of cataloging eng
041 ## - LANGUAGE CODE
Language code of text/sound track or separate title eng
082 00 - DEWEY DECIMAL CLASSIFICATION NUMBER
Classification number 320.54956
Author mark and year POL 1968
245 10 - TITLE STATEMENT
Title Political and social thought in the contemporary Middle East /
Statement of responsibility, etc. edited by Kemal H. Karpat.
260 ## - PUBLICATION, DISTRIBUTION, ETC. (IMPRINT)
Place of publication, distribution, etc. New York :
Name of publisher, distributor, etc. Praeger,
Date of publication, distribution, etc. 1968.
300 ## - PHYSICAL DESCRIPTION
Pagination xiii, 397 p. ;
Size 24 cm.
490 0# - SERIES STATEMENT
Series statement Praeger paperbound texts
504 ## - BIBLIOGRAPHY, ETC. NOTE
Bibliography, etc Bibliographical footnotes.
650 #0 - SUBJECT ADDED ENTRY--TOPICAL TERM
Topical term or geographic name as entry element Nationalism
Geographic subdivision Middle East.
9 (RLIN) 53775
Topical term or geographic name as entry element Socialism
Geographic subdivision Middle East.
9 (RLIN) 109394
651 #0 - SUBJECT ADDED ENTRY--GEOGRAPHIC NAME
Geographic name Turkey
General subdivision Politics and government
Chronological subdivision 1909-
9 (RLIN) 82969
Geographic name Arab countries
General subdivision Politics and government
Chronological subdivision 1945-
9 (RLIN) 77737
700 1# - ADDED ENTRY--PERSONAL NAME
Personal name Karpat, Kemal H.,
942 ## - ADDED ENTRY ELEMENTS (KOHA)
Source of classification or shelving scheme Dewey Decimal Classification
Koha item type Books
Holdings
Lost status Source of classification or shelving scheme Damaged status Not for loan Collection code Permanent Location Current Location Shelving location Date acquired Source of acquisition Cost, normal purchase price Total Checkouts Full call number Date last seen Copy number Koha item type
  Dewey Decimal Classification     Non-fiction Central Library, University of Rajshahi Central Library, University of Rajshahi   26/11/1973 U. S. Gov. Gift 0.00   320.54956 POL 1968 16/06/2014 C-2 Books
  Dewey Decimal Classification     Non-fiction Central Library, University of Rajshahi Central Library, University of Rajshahi   26/11/1973 U. S. Gov. Gift 0.00   320.54956 POL 1968 16/06/2014 C-3 Books
  Dewey Decimal Classification     Non-fiction Central Library, University of Rajshahi Central Library, University of Rajshahi   26/11/1973 U. S. Gov. Gift 0.00   320.54956 POL 1968 16/06/2014 C-4 Books
  Dewey Decimal Classification     Non-fiction Central Library, University of Rajshahi Central Library, University of Rajshahi   26/11/1973 U. S. Gov. Gift 0.00   320.54956 POL 1968 16/06/2014 C-5 Books
  Dewey Decimal Classification     Non-fiction Central Library, University of Rajshahi Central Library, University of Rajshahi   26/11/1973 U. S. Gov. Gift 0.00   320.54956 POL 1968 16/06/2014 C-6 Books
  Dewey Decimal Classification     Non-fiction Central Library, University of Rajshahi Central Library, University of Rajshahi   26/11/1973 U. S. Gov. Gift 0.00   320.54956 POL 1968 16/06/2014 C-7 Books
  Dewey Decimal Classification   Not For Loan Non-fiction Central Library, University of Rajshahi Central Library, University of Rajshahi Reading Room 26/11/1973 U. S. Gov. Gift 0.00   320.54956 POL 1968 16/06/2014 C-1 Books